000 006320000a22001810004500
003 MACL
005 20160226133153.0
008 160226b xxu||||| |||| 00| 0 eng d
040 _aMACL
_cMACL
041 _aHindi
082 _a800
100 _aडॉ विष्‍णु चतुर्वेदी विराट
_940636
245 _aगोस्‍वामी हरिराय जी और उनका ब्रजभाषा साहित्‍य
260 _bजवाहर पुस्‍तकालय
_c1976
_aमथुरा
350 _a40
650 _aLiteracture
_939932
942 _cHIN
_k800
_2ddc
999 _c26979
_d26979